Человек и океан

Detalles Bibliográficos
Autor principal: Аксенов А. А. Андрей Аркадьевич
Otros Autores: Чернов А. А. Александр Алексеевич (иллюстратор), Варшамов Р.
Sumario:Исключено из фонда НТБ ТПУ
Lenguaje:ruso
Publicado: Москва, Детская литература, 1979
Colección:Международная библиотека
Formato: Libro
KOHA link:https://koha.lib.tpu.ru/cgi-bin/koha/opac-detail.pl?biblionumber=223791

MARC

LEADER 00000nam0a2200000 4500
001 223791
005 20231031200305.0
035 |a (RuTPU)RU\TPU\book\244060 
090 |a 223791 
100 |a 20121016d1979 de y0rusy50 ca 
101 0 |a rus 
102 |a RU 
105 |a a z 001yy 
200 1 |a Человек и океан  |f А. А. Аксенов, А. А. Чернов  |g худож. Р. Варшамов 
210 |a Москва  |c Детская литература  |d 1979 
215 |a 128 с.  |c ил. 
225 1 |a Международная библиотека 
333 |a Исключено из фонда НТБ ТПУ 
700 1 |a Аксенов  |b А. А.  |g Андрей Аркадьевич 
701 1 |a Чернов  |b А. А.  |g Александр Алексеевич 
702 1 |a Варшамов  |b Р.  |4 440 
801 1 |a RU  |b 63413507  |c 20121016 
801 2 |a RU  |b 63413507  |c 20220614  |g RCR 
942 |c BK